Lessons from real estate partnerships in the UK (Record no. 77987)
[ view plain ]
| 000 -LEADER | |
|---|---|
| fixed length control field | 00995cab a2200205 4500 |
| 001 - CONTROL NUMBER | |
| control field | L135781 |
| 008 - FIXED-LENGTH DATA ELEMENTS--GENERAL INFORMATION | |
| fixed length control field | 061211n2006 000 0 eng u |
| 035 ## - SYSTEM CONTROL NUMBER | |
| System control number | (Sirsi) u135781 |
| 041 0# - LANGUAGE CODE | |
| Language code of text/sound track or separate title | eng |
| 100 1# - MAIN ENTRY--PERSONAL NAME | |
| Personal name | Dixon, Timothy |
| 245 00 - TITLE STATEMENT | |
| Title | Lessons from real estate partnerships in the UK |
| Remainder of title | drivers, barriers and critical success factors |
| 260 ## - PUBLICATION, DISTRIBUTION, ETC. | |
| Date of publication, distribution, etc. | 2006 |
| 490 #0 - SERIES STATEMENT | |
| Series statement | Property Management |
| Volume/sequential designation | 24(5) January 2006, 479-494(18) |
| 520 ## - SUMMARY, ETC. | |
| Summary, etc. | Discusses the level to which real estate partnerships are suited to the UK market, taking into account factors such as the relative length of leases and the level of corporate real estate owner-occupation. Includes tables on real estate partnership deals across Europe and on comparative lease terms in OECD countries, and a diagram showing a conceptual overview of the factors governing success. |
| 590 ## - LOCAL NOTE (RLIN) | |
| Local note | KA |
| 651 #4 - SUBJECT ADDED ENTRY--GEOGRAPHIC NAME | |
| Geographic name | United Kingdom |
| Chronological subdivision | |
| 690 ## - LOCAL SUBJECT ADDED ENTRY--TOPICAL TERM (OCLC, RLIN) | |
| Topical term or geographic name as entry element | PROPERTY-COMMERCIAL PROPERTY-CORPORATE REAL ESTATE |
| 700 1# - ADDED ENTRY--PERSONAL NAME | |
| Personal name | Pottinger, Gaye |
| 942 ## - ADDED ENTRY ELEMENTS (KOHA) | |
| Suppress in OPAC | 0 |
| Withdrawn status | Lost status | Source of classification or shelving scheme | Damaged status | Not for loan | Home library | Current library | Shelving location | Date acquired | Total Checkouts | Full call number | Barcode | Date last seen | Copy number | Price effective from | Koha item type |
|---|---|---|---|---|---|---|---|---|---|---|---|---|---|---|---|
| Dewey Decimal Classification | London | London | Journal article | 12/12/2006 | L135781 | 135781-1001 | 06/08/2019 | 1 | 06/08/2019 | Journal article |